Financial Accounting and Corporate Reporting <A> Casebook

Salvato in:
Dettagli Bibliografici
Autore principale: Ferris, Kenneth R.
Natura: Libro
Lingua:inglese
Pubblicazione: Homewood IRWIN 1993
Edizione:3. ed.
Soggetti:
Tags: Aggiungi Tag
Nessun Tag, puoi essere il primo ad aggiungerne!!

MARC

LEADER 00000nam a2200000 4500
001 c009973
005 20221206075502.3
020 |a 0-256-11993-7 
041 0 |a eng 
044 |a US 
245 1 0 |a Financial Accounting and Corporate Reporting  |b <A> Casebook  |c Kenneth R. Ferris 
250 |a 3. ed. 
264 1 |a Homewood  |b IRWIN  |c 1993 
300 |a 571 s. 
610 2 0 |a účtovníctvo 
610 2 0 |a firmy 
610 2 0 |a výkazy účtovné 
610 2 0 |a štúdie prípadové 
100 1 |a Ferris, Kenneth R.